000 00442cam a2200169 4500
001 D5918
008 090401t xxu||||| |||| 00| 0 eng d
035 _a(Sirsi) u98231
041 _aeng
050 _a692.5023
110 _aInstitute of Quantity Surveyors
_92491
245 _aLe Quantity Surveyor dans l`industrie de la construction en Grande Bretagne
260 _aLondon
_bIQS
_c1980?
350 _a0
942 _n0
948 _c04/03/1997
999 _c99127
_d99127